Zákon z 13. decembra 2001 o štátnom rozpočte na rok 2002

Úplné znenie zákona o štátnom rozpočte na rok 2002. Bilancia príjmov a výdavkov ŠR na rok 2002. Záväzné limity dotácií obciam na rok 2002. Bežné transfery pre krajské úrady na zabezpečenie verejnej pravidelnej autobusovej dopravy na rok 2002.

Salvato in:
Dettagli Bibliografici
Natura: Capitolo di libro
Lingua:slovacco
Soggetti:
Tags: Aggiungi Tag
Nessun Tag, puoi essere il primo ad aggiungerne!!

MARC

LEADER 00000naa a2200000 4500
001 r043712
005 20230925125302.5
041 0 |a slo 
044 |a SK 
245 1 0 |a Zákon z 13. decembra 2001 o štátnom rozpočte na rok 2002 
520 |a Úplné znenie zákona o štátnom rozpočte na rok 2002. Bilancia príjmov a výdavkov ŠR na rok 2002. Záväzné limity dotácií obciam na rok 2002. Bežné transfery pre krajské úrady na zabezpečenie verejnej pravidelnej autobusovej dopravy na rok 2002. 
610 2 0 |a rozpočet štátny 
610 2 0 |a zákony 
610 2 0 |a dotácie štátne 
610 2 0 |a príjmy rozpočtu štátneho 
610 2 0 |a výdavky rozpočtu štátneho 
610 2 0 |a Slovensko